Trombinoscope films d'animation - Statistiques

Statistiques générales
  • Ce quiz a été pris 1 473 fois
  • Le résultat moyen est 64 sur 100
Statistiques - réponses
Hint Réponse % Correct
Le Roi Lion
86%
Kung Fu Panda
86%
Le Monde de Nemo
86%
Kirikou et la sorcière
85%
La Belle et la Bête
85%
Les Indestructibles
85%
Rebelle
85%
WALL·E
85%
Toy Story
85%
Cars
85%
Shrek
85%
Tarzan
85%
Vaiana
84%
Moi, moche et méchant
84%
L’Âge de glace
84%
Le Chat potté
84%
La Reine des Neiges
84%
Là-haut
84%
La Petite Sirène
84%
Ratatouille
84%
Monstres & Cie
84%
Le Livre de la jungle
83%
Pocahontas
83%
Madagascar 2
83%
Blanche-Neige et les Sept Nains
83%
Cendrillon
83%
Raiponce
83%
Aladdin
83%
Vice-Versa
83%
Spider-Man: New Generation
83%
Zootopie
82%
Miraculous : Les Aventures de Ladybug et Chat Noir
81%
Les Douze Travaux d'Astérix
81%
Dragons
81%
Les Trolls
80%
Mulan
80%
Encanto
77%
Coco
77%
Les Croods
76%
Soul
76%
La tortue rouge
75%
Barbie au bal des douze princesses
75%
Chicken Run 2
75%
Kuzco, l'empereur mégalo
74%
Rio
74%
Les Nouveaux Héros
73%
Hôtel Transylvanie
73%
Shaun le mouton, le film
73%
Rango
72%
Mon voisin Totoro
72%
Le Lorax
71%
Le Petit Prince
71%
Le Géant de fer
71%
Tous en scène 2
70%
Happy Feet
69%
Luca
69%
L’Étrange Noël de monsieur Jack
67%
Wallace et Gromit : Le Mystère du lapin-garou
66%
Les Cinq Légendes
66%
KPop Demon Hunters
66%
Princesse Mononoké
64%
Comme des bêtes
64%
Les Bad Guys
62%
Les Noces funèbres
61%
Le Voyage de Chihiro
61%
Coraline
59%
Le Prince d'Égypte
59%
Frankenweenie
59%
Le Roi et l’Oiseau
56%
La Planète au trésor
54%
Le Tombeau des lucioles
53%
Ferdinand
53%
Klaus
52%
Kiki la petite sorcière
52%
Your Name
51%
Le Garçon et la Bête
50%
Ernest et Célestine
50%
Ma vie de Courgette
48%
Azur et Asmar
46%
Le Château ambulant
45%
Epic : La Bataille du royaume secret
44%
Ponyo sur la falaise
43%
Persepolis
43%
Le Chant de la mer
38%
Le Conte de la princesse Kaguya
37%
Le Vent se lève
31%
Mary and Max
29%
Nausicaä de la vallée du vent
29%
Le Château dans le ciel
28%
Nimona
27%
Perfect Blue
26%
Paprika
26%
Valse avec Bachir
25%
Les Enfants loups
24%
Le Chat du rabbin
23%
La Colline aux coquelicots
22%
Calamity Jane
21%
Summer Wars
20%
Le Sommet des dieux
18%
Chico & Rita
9%
Aucun quiz correspondant
Distribution des résultats
% des personnes avec chaque résultat
Percentile par nombre de réponses
Votre historique - résultats
Vous n’avez pas pris ce quiz